Meditación sobre el poder

Uloženo v:
Podrobná bibliografie
Hlavní autor: Trías, Eugenio (Autor)
Médium: Kniha
Jazyk:španělština
Vydáno: Barcelona Anagrama 1993
Vydání:2a. ed
Edice:Colección Argumentos, 50
Témata:
Tagy: Přidat tag
Žádné tagy, Buďte první, kdo vytvoří štítek k tomuto záznamu!

MARC

LEADER 00000nam a2200000 a 4500
001 UCI2988
003 CL-VaPUC
008 071005e19930000SP |||||||||||||||||spa|d
020 |a 8433900501 
082 0 4 |a 320.01  |b TRI  |2 21 
100 0 |a Trías, Eugenio  |e author  |9 524264 
245 1 0 |a Meditación sobre el poder 
250 |a 2a. ed 
300 |a 190 p 
942 |c BK 
945 |d 20071005 00:00:00  |a cmena 
260 |a Barcelona  |b Anagrama  |c 1993 
650 7 |a FILOSOFIA POLITICA  |2 CL-VaPUC  |9 524265 
650 0 |a Filosofía contemporánea  |9 265372 
650 0 |a Poder político  |9 255509 
650 0 |a Metafísica  |9 265649 
583 |a last modification  |c 20071005 00:00:00  |k Rodrigo Vera 
490 0 |a Colección Argumentos, 50 
999 |c 327388  |d 327386 
952 |0 0  |1 0  |4 0  |6 320_010000000000000_TRI_1993  |7 0  |8 A  |9 410171  |a BIBART  |b BIBART  |d 2019-11-22  |i 4337751  |o 320.01 TRI 1993  |p 4337751  |r 2025-03-13  |w 2019-11-22  |y BK  |k ART